| 000 | 00562nam a2200193 i 4500 | ||
|---|---|---|---|
| 001 | 90977 | ||
| 003 | ES-MaACL | ||
| 005 | 20260525062929.0 | ||
| 007 | t| | ||
| 008 | 050126s1960 sp ||||1| spa d | ||
| 100 | 1 |
_aLeón, Ricardo, _d1877-1943 _971597 |
|
| 245 | 1 | 0 |
_aAlcalá de los Zegries _b: novela / _cRicardo León. |
| 260 |
_aMadrid : _bEspasa-Calpe, _c[1960] |
||
| 300 |
_a238 p. ; _c18 cm. |
||
| 490 | 1 |
_aColección austral ; _v1291 |
|
| 830 | 0 |
_aColección austral _v1291 _9177655 |
|
| 852 |
_aES-MaACL _jC-18067 _bR.45809 |
||
| 999 |
_c90977 _d90977 |
||